Учебная практика. Часть 2 (профили Электропривод и автоматика Электрооборудование и электрохозяйство предприятий, организаций и учреждений) / ДО 2017 (13.03.02): электронный курс

Dettagli Bibliografici
Autore principale: Ляпушкин С. В. Сергей Викторович
Ente Autore: Национальный исследовательский Томский политехнический университет Инженерная школа энергетики Отделение электроэнергетики и электротехники (ОЭЭ)
Riassunto:Заглавие с экрана
Практика - часть основной образовательной программы высшего профессионального образования, обеспечивающая передачу и усвоение конкретных умений и/или навыков в данной предметной области. Учебная практика включает несколько этапов: ознакомительная практика в учреждениях любых организационно-правовых форм, практика по получению первичных профессиональных умений в учебных мастерских, лабораториях, отделах ТПУ и т.п. Перечень учебных практик по направлениям и специальностям подготовки определяется соответствующими образовательными стандартами ВПО ТПУ. Учебные практики студентов 2 и 3 курсов Института электронного образования направления 13.03.02 «Электроэнергетика и электротехника» для профилей «Электропривод и автоматика» и «Электрооборудование и электрохозяйство предприятий, организаций, учреждений». проходят на промышленных предприятиях (на машиностроительных, металлургических, обрабатывающих, перерабатывающих и др.), в электромонтажных и наладочных организациях. Учебным планом прохождение практики несколько опережает изучение основных профильных дисциплин, поэтому на практике необходимо изучить дополнительную литературу по профилю предприятия - места практики.
Доступ по логину и паролю
Lingua:russo
Pubblicazione: Томск, TPU Moodle, 2020
Soggetti:
Accesso online:https://design.lms.tpu.ru/course/view.php?id=3485
Natura: Elettronico Libro
KOHA link:https://koha.lib.tpu.ru/cgi-bin/koha/opac-detail.pl?biblionumber=666620

MARC

LEADER 00000nlm0a2200000 4500
001 666620
005 20240224144825.0
035 |a (RuTPU)RU\TPU\network\37824 
035 |a RU\TPU\network\37823 
090 |a 666620 
100 |a 20220114d2020 m y0rusy50 ca 
101 0 |a rus 
102 |a RU 
105 |a a j 000zy 
135 |a jrcn ---uucaa 
181 0 |a i  
182 0 |a b 
200 1 |a Учебная практика. Часть 2 (профили Электропривод и автоматика Электрооборудование и электрохозяйство предприятий, организаций и учреждений) / ДО 2017 (13.03.02)  |e электронный курс  |f С. В. Ляпушкин  |g Национальный исследовательский Томский политехнический университет, Инженерная школа энергетики, Отделение электроэнергетики и электротехники (ОЭЭ) 
203 |a Текст  |c электронный 
210 |a Томск  |c TPU Moodle  |d 2020 
300 |a Заглавие с экрана 
330 |a Практика - часть основной образовательной программы высшего профессионального образования, обеспечивающая передачу и усвоение конкретных умений и/или навыков в данной предметной области. Учебная практика включает несколько этапов: ознакомительная практика в учреждениях любых организационно-правовых форм, практика по получению первичных профессиональных умений в учебных мастерских, лабораториях, отделах ТПУ и т.п. Перечень учебных практик по направлениям и специальностям подготовки определяется соответствующими образовательными стандартами ВПО ТПУ. Учебные практики студентов 2 и 3 курсов Института электронного образования направления 13.03.02 «Электроэнергетика и электротехника» для профилей «Электропривод и автоматика» и «Электрооборудование и электрохозяйство предприятий, организаций, учреждений». проходят на промышленных предприятиях (на машиностроительных, металлургических, обрабатывающих, перерабатывающих и др.), в электромонтажных и наладочных организациях. Учебным планом прохождение практики несколько опережает изучение основных профильных дисциплин, поэтому на практике необходимо изучить дополнительную литературу по профилю предприятия - места практики. 
333 |a Доступ по логину и паролю 
606 1 |a Промышленные предприятия  |x Электрооборудование  |2 stltpush  |3 (RuTPU)RU\TPU\subj\52738  |9 71141 
606 1 |a Студенты  |x Научно-исследовательская работа  |2 stltpush  |3 (RuTPU)RU\TPU\subj\68806  |9 83939 
610 1 |a электронный ресурс 
610 1 |a труды учёных ТПУ 
610 1 |a электронное обучение 
610 1 |a электронные курсы ТПУ 
610 1 |a электронные учебные пособия 
610 1 |a учебные пособия 
675 |a 658.26:621.31(075.8)  |v 4 
686 |a Ч481.268я73  |2 rubbk 
700 1 |a Ляпушкин  |b С. В.  |c специалист в области электротехники  |c доцент Томского политехнического университета, кандидат технических наук  |f 1973-  |g Сергей Викторович  |y Томск  |3 (RuTPU)RU\TPU\pers\27842  |9 12877 
712 0 2 |a Национальный исследовательский Томский политехнический университет  |b Инженерная школа энергетики  |b Отделение электроэнергетики и электротехники (ОЭЭ)  |3 (RuTPU)RU\TPU\col\23505 
801 2 |a RU  |b 63413507  |c 20220712  |g RCR 
856 4 |u https://design.lms.tpu.ru/course/view.php?id=3485 
942 |c CF